Sang Monyet yang suka menolong

Bibliographic Details
Main Author: Zarina Ismail
Format: Book
Published: Selangor : Pustaka Dasar Jaya , 2009
Series:Siri belantara ria
Subjects:

MARC

LEADER 00000cam a2200000 7i4500
001 0000032409
005 20220105104055.0
008 120604
020 |a 9675049187(SET) 
020 |a 9675049200 
090 0 0 |a JP   |b ANM MAL 
100 0 |a Zarina Ismail 
245 1 0 |a Sang Monyet yang suka menolong   |c Zarina Ismail 
260 |a Selangor :   |b Pustaka Dasar Jaya ,   |c 2009 
440 |a Siri belantara ria 
500 |a Children age 4-6 years old (yellow) 
650 0 |a Animals   |x Fiction 
650 0 |a Children's stories, Malay 
999 |a 0001135291   |b Book   |c Children Collection   |e Perbadanan Perpustakaan Awam Johor 
999 |a 0001135294   |b Book   |c Children Collection   |e Perbadanan Perpustakaan Awam Johor